Eurowizja 2023 (piosenki) - Statystyki

Ogólne statystyki
  • Ten quiz został rozwiązany 710 razy
  • Średni wynik to 21 z 37
Statystyki odpowiedzi
Kraj Artysta Odpowiedź % Poprawnych
Polska Blanka Solo
95%
Finlandia Kaarija Cha Cha Cha
89%
Szwecja Lorren Tattoo
87%
Izrael Noa Kirel Unicorn
85%
Chorwacja Let 3 Mama SC
73%
Norwegia Alessandra Queen of Kings
72%
Austria Teya & Salena Who the hell is Edgar
70%
Estonia Alika Bridges
66%
Wielka Brytania Mea Muller I wrote a Song
66%
Albania Albina & Familja Kelmendi Duje
65%
Hiszpania Blanca Paloma Eaea
65%
Niemcy Lord of the Lost Blood and Glitter
64%
Czechy Vesna My sister's crown
63%
Belgia Gustaph Because of You
62%
Słowenia Joker Out Carpe Diem
62%
Ukraina Tvorchi Heart of steel
62%
Szwajcaria Remo Forrer Watergun
62%
Armenia Brunette Future Lover
61%
Australia Voyager Promise
61%
Islandia Dilja Power
59%
Litwa Monika Linkyte Stay
57%
Cypr Andrew Lambrou Break a broken heart
56%
Serbia Luke Black Samo mi se spava
54%
Francja La Zarra Evidemment
53%
Gruzja Iru Echo
50%
Włochy Marco Mengoni Due Vite
47%
Dania Reiley Breaking my heart
46%
Irlandia Wild Youth We are one
45%
San Marino Piqued Jacks Like an Animal
43%
Łotwa Sudden Lights Aija
41%
Mołdawia Pasha Parfeny Soarele și luna
41%
Grecja Victor Vernicos What they say
40%
Portugalia Mimicat Ai coração
38%
Holandia Mia Nicolai & Dion Cooper Burning Daylight
36%
Azerbejdżan TuralTuranX Tell me more
36%
Malta The Busker Dance (Our Own Party)
26%
Rumunia Theodor Andrei D.G.T. (Off and On)
21%
Nie znaleziono quizów pasujących do podanych kryteriów
Rozkład punktacji
Procent ludzi z każdym wynikiem
Percentyl według liczby udzielonych odpowiedzi
Twoja historia wyników
Nie rozwiązałeś tego quizu